Ohrožená revoluce
Enregistré dans:
| Auteur principal: | |
|---|---|
| Format: | Livre |
| Langue: | tchèque |
| Publié: |
Bratislava
Bradlo
1991
|
| Édition: | 1. vyd. |
| Tags: |
Pas de tags, Soyez le premier à ajouter un tag!
|
MARC
| LEADER | 00000nam a2200000 4500 | ||
|---|---|---|---|
| 001 | c024581 | ||
| 005 | 20221214101659.0 | ||
| 041 | 0 | |a cze | |
| 044 | |a SK | ||
| 245 | 1 | 0 | |a Ohrožená revoluce |c Valtr Komárek |
| 250 | |a 1. vyd. | ||
| 264 | 1 | |a Bratislava |b Bradlo |c 1991 | |
| 300 | |a 166 s. | ||
| 100 | 1 | |a Komárek, Valtr | |